[Event "4NCL"]
[Site "De Vere, Wokefield Park, ENG"]
[Date "2011.02.19"]
[Round "5.12"]
[White "Duncan, Chris R"]
[Black "Devereaux, Maxim L"]
[Result "1/2-1/2"]
[WhiteElo "2314"]
[BlackElo "2385"]
[PlyCount "113"]
[EventDate "2011.??.??"]
[WhiteTeam "Betsson.com"]
[BlackTeam "Barbican 4NCL 1"]

1. c4 Nf6 2. Nc3 c5 3. Nf3 Nc6 4. d4 cxd4 5. Nxd4 g6 6. e4 Bg7 7. Be3 Ng4 8.
Qxg4 Nxd4 9. Qd1 e5 10. Bd3 d6 11. O-O O-O 12. Qd2 Be6 13. f4 exf4 14. Bxf4 Nc6
15. Kh1 Ne5 16. b3 Qa5 17. Rac1 a6 18. Rfd1 Rfd8 19. Nd5 Qxd2 20. Rxd2 Bxd5 21.
cxd5 Rac8 22. Rxc8 Rxc8 23. Rc2 Rxc2 24. Bxc2 Kf8 25. Kg1 Ke7 26. Kf2 Nd7 27.
h3 Bd4+ 28. Ke2 f6 29. Kd3 Bf2 30. b4 g5 31. Bd2 Ne5+ 32. Kc3 h5 33. Bd1 g4 34.
Be2 gxh3 35. gxh3 h4 36. a4 Nf7 37. Bg4 Kd8 38. a5 Kc7 39. Kc2 Ne5 40. Be2 Kd8
41. Bc3 Ke7 42. Kd2 Kd8 43. Bh5 Ke7 44. Ke2 Bg3 45. Ke3 Kd8 46. Be2 Ke7 47. b5
axb5 48. Bxb5 Kd8 49. Bb4 Nf7 50. Kf3 Ne5+ 51. Ke2 Nf7 52. Bc3 Be5 53. Be1 Ng5
54. Bxh4 Nxh3 55. Kf3 Ng5+ 56. Ke3 Bc3 57. a6 1/2-1/2

[Event "4NCL"]
[Site "De Vere, Wokefield Park, ENG"]
[Date "2011.02.19"]
[Round "5.12"]
[White "Knott, Simon JB"]
[Black "Ledger, Dave J"]
[Result "0-1"]
[WhiteElo "2333"]
[BlackElo "2261"]
[PlyCount "80"]
[EventDate "2011.??.??"]
[WhiteTeam "Barbican 4NCL 1"]
[BlackTeam "Betsson.com"]

1. Nf3 Nf6 2. c4 g6 3. Nc3 Bg7 4. e4 d6 5. d4 O-O 6. Be2 e5 7. O-O Nc6 8. d5
Ne7 9. Ne1 Nd7 10. Nd3 f5 11. Bd2 Nf6 12. f3 f4 13. g4 g5 14. Be1 Ng6 15. h3 h5
16. Kg2 Rf7 17. Rh1 Bf8 18. Bf2 Rh7 19. c5 Nh4+ 20. Bxh4 gxh4 21. Qb3 hxg4 22.
hxg4 h3+ 23. Rxh3 Rxh3 24. Kxh3 Nh5 25. c6 bxc6 26. dxc6+ Kg7 27. Nf2 Ng3 28.
Qc2 Be6 29. Nd5 Bxd5 30. exd5 Be7 31. Kg2 Qh8 32. Bf1 Qh4 33. Kg1 Rh8 34. Bh3
e4 35. fxe4 Bf6 36. Rd1 f3 37. e5 Bxe5 38. Rd2 Ne2+ 39. Rxe2 Qg3+ 40. Kf1 fxe2+
0-1

[Event "4NCL"]
[Site "De Vere, Wokefield Park, ENG"]
[Date "2011.02.19"]
[Round "5.12"]
[White "Eames, Robert S"]
[Black "Cox, John J"]
[Result "1/2-1/2"]
[WhiteElo "2275"]
[BlackElo "2407"]
[PlyCount "73"]
[EventDate "2011.??.??"]
[WhiteTeam "Betsson.com"]
[BlackTeam "Barbican 4NCL 1"]

1. e4 e6 2. d4 d5 3. Nc3 Nf6 4. Bg5 Bb4 5. e5 h6 6. Be3 Ne4 7. Qg4 g6 8. a3
Bxc3+ 9. bxc3 c5 10. Bd3 h5 11. Qf4 g5 12. Qf3 Nxc3 13. dxc5 Nd7 14. Qg3 h4 15.
Qxg5 Qxg5 16. Bxg5 Rh5 17. Bf6 Nxf6 18. exf6 Bd7 19. Kd2 Ne4+ 20. Ke3 Bc6 21.
Nf3 Nxf6 22. Nd4 Nd7 23. g4 hxg3 24. hxg3 Rxh1 25. Rxh1 Ke7 26. g4 Nxc5 27. g5
Rg8 28. f4 Bd7 29. Nf3 Rg7 30. Rh8 Be8 31. Ne5 Ba4 32. Rc8 Nxd3 33. cxd3 f6 34.
Rc7+ Kf8 35. Rc8+ Ke7 36. Rc7+ Kf8 37. Rc8+ 1/2-1/2

[Event "4NCL"]
[Site "De Vere, Wokefield Park, ENG"]
[Date "2011.02.19"]
[Round "5.12"]
[White "Bhatia, Kanwal K"]
[Black "Yurenok, Maria S"]
[Result "1-0"]
[WhiteElo "2087"]
[BlackElo "2092"]
[PlyCount "89"]
[EventDate "2011.??.??"]
[WhiteTeam "Barbican 4NCL 1"]
[BlackTeam "Betsson.com"]

1. e4 c5 2. c3 d5 3. exd5 Qxd5 4. d4 Nf6 5. Nf3 Bg4 6. dxc5 Qxd1+ 7. Kxd1 Nc6
8. b4 g6 9. Nbd2 O-O-O 10. Kc2 Bf5+ 11. Kb3 Ng4 12. Bb5 Nxf2 13. Rf1 Nd3 14.
Bxc6 bxc6 15. Nd4 Bh6 16. Nc4 Nxc1+ 17. Raxc1 Bxc1 18. Rxc1 Be4 19. Na5 Kc7 20.
Re1 Bd5+ 21. Ka3 Rhe8 22. b5 Rb8 23. c4 Bxc4 24. Nxc4 cxb5 25. Ne5 f6 26. Ne6+
Kc8 27. Nf3 Kd7 28. Nfd4 Rec8 29. Kb4 a6 30. Ka5 Ra8 31. Rc1 f5 32. c6+ Kd6 33.
c7 Kd5 34. Kb6 Rg8 35. Rc6 f4 36. Kb7 Rgc8 37. Nf3 h6 38. Nxf4+ Ke4 39. Ne6 g5
40. Nfd4 Ke5 41. Nf3+ Ke4 42. Rxa6 Rxa6 43. Kxa6 Kd5 44. Kb7 Rg8 45. Nd8 1-0

[Event "4NCL"]
[Site "De Vere, Wokefield Park, ENG"]
[Date "2011.02.19"]
[Round "5.13"]
[White "McDonald, Neil"]
[Black "Hainke, Guntram"]
[Result "1/2-1/2"]
[WhiteElo "2460"]
[BlackElo "2295"]
[PlyCount "102"]
[EventDate "2011.??.??"]
[WhiteTeam "Wood Green Hilsmark 2"]
[BlackTeam "Warwickshire Select 1"]

1. e4 e6 2. d4 d5 3. Nd2 Be7 4. Ngf3 Nf6 5. Bd3 c5 6. c3 Nc6 7. O-O cxd4 8. e5
Nd7 9. cxd4 Qb6 10. Nb3 Nb4 11. Bb1 a5 12. Bg5 a4 13. Bxe7 Kxe7 14. Nc1 h6 15.
Ne2 Nc6 16. Qc1 Ndb8 17. Nf4 Bd7 18. Rd1 Na6 19. Nh5 Rag8 20. Qf4 Qxb2 21. Bd3
Nab4 22. Bb5 Qc2 23. a3 Na6 24. Rac1 Qe4 25. Qg3 Nxe5 26. Bxa6 Nxf3+ 27. gxf3
Qf5 28. Bb5 Bxb5 29. Qc7+ Bd7 30. Qc5+ Ke8 31. Ng3 Qf4 32. Re1 Bc6 33. Re5 g6
34. Ne2 Qf6 35. Nc3 Qe7 36. Nxd5 Bxd5 37. Rxd5 Qxc5 38. Rdxc5 Ke7 39. Rc7+ Kf6
40. Rxb7 Rb8 41. Rcc7 Rxb7 42. Rxb7 Rc8 43. Rb4 Rc3 44. Rxa4 Rxf3 45. Kg2 Rb3
46. f3 h5 47. h4 Rd3 48. Kg3 Kf5 49. Ra7 Kf6 50. Ra4 Kf5 51. Kf2 Rd2+ 1/2-1/2

[Event "4NCL"]
[Site "De Vere, Wokefield Park, ENG"]
[Date "2011.02.19"]
[Round "5.13"]
[White "Mason, Donald J"]
[Black "Hanley, Craig A"]
[Result "0-1"]
[WhiteElo "2255"]
[BlackElo "2433"]
[PlyCount "80"]
[EventDate "2011.??.??"]
[WhiteTeam "Warwickshire Select 1"]
[BlackTeam "Wood Green Hilsmark 2"]

1. d4 Nf6 2. c4 e6 3. Nf3 c5 4. d5 b5 5. Bg5 b4 6. e4 d6 7. Bd3 Be7 8. Bc1 O-O
9. h3 e5 10. Nbd2 g6 11. g4 h5 12. g5 Nh7 13. h4 Bg4 14. Be2 f6 15. gxf6 Bxf6
16. a4 Nd7 17. b3 Rf7 18. Ra2 Qe7 19. Rh2 Raf8 20. Kf1 Bg7 21. Ng1 Ndf6 22. f3
Bh6 23. Kg2 Bc8 24. Nf1 Bxc1 25. Qxc1 Nxe4 26. fxe4 Rf2+ 27. Kh1 R8f4 28. Bd3
Rxa2 29. Rxa2 Qxh4+ 30. Rh2 Qg5 31. Qd2 Nf6 32. Ne3 Nxe4 33. Bxe4 Rxe4 34. Nf1
Rf4 35. Ne3 Re4 36. Nf1 Qf6 37. Ng3 Rg4 38. Nxh5 gxh5 39. Rxh5 Bf5 40. Qe2 Be4+
0-1

[Event "4NCL"]
[Site "De Vere, Wokefield Park, ENG"]
[Date "2011.02.19"]
[Round "5.13"]
[White "Houska, Jovanka"]
[Black "Holt, Philip J"]
[Result "1-0"]
[WhiteElo "2419"]
[BlackElo "2269"]
[PlyCount "141"]
[EventDate "2011.??.??"]
[WhiteTeam "Wood Green Hilsmark 2"]
[BlackTeam "Warwickshire Select 1"]

1. d4 Nf6 2. Nf3 b6 3. g3 Bb7 4. Bg2 e6 5. c4 c5 6. dxc5 Bxc5 7. O-O O-O 8. Nc3
Be7 9. b3 a6 10. Bb2 Qc7 11. Rc1 d6 12. e4 Nbd7 13. Qe2 Rfe8 14. Rfd1 Rad8 15.
h3 Qb8 16. Kh2 Qa8 17. Nd2 Nc5 18. b4 Ncd7 19. a3 Rc8 20. f4 Nf8 21. Nb3 Rc7
22. Na4 N6d7 23. Bd4 b5 24. Nb2 e5 25. fxe5 dxe5 26. Bf2 Bg5 27. Rc2 Nf6 28.
Nc5 Ne6 29. Nbd3 Nd4 30. Bxd4 exd4 31. Nxb7 bxc4 32. Nd6 cxd3 33. Qxd3 Rxc2 34.
Qxc2 Re6 35. Rxd4 h5 36. e5 Qa7 37. Qc8+ Kh7 38. Nxf7 Qxf7 39. exf6 Qxf6 40.
Qc2+ Kh6 41. Qc4 h4 42. gxh4 Be3 43. Rd1 Qe5+ 44. Kh1 Ba7 45. Rd8 g6 46. Qc1+
Be3 47. Qe1 Qf6 48. Rd3 Bf4 49. Qf2 Qa1+ 50. Bf1 Rf6 51. Rf3 Qe5 52. Kg2 Qd5
53. Kg1 Bh2+ 54. Kg2 Bg1 55. Qg3 Be3 56. Be2 Qe4 57. Qg4 Bf4 58. Bd3 Qd5 59.
Qc8 Kg7 60. Qc4 Qe5 61. Qe4 Qb2+ 62. Rf2 Qc1 63. Qe7+ Rf7 64. Qe6 Rf6 65. Qe7+
Rf7 66. Qe4 Rf6 67. h5 Qc7 68. hxg6 Qd6 69. Qb7+ Kh6 70. Qh7+ Kg5 71. g7 1-0

[Event "4NCL"]
[Site "De Vere, Wokefield Park, ENG"]
[Date "2011.02.19"]
[Round "5.13"]
[White "Hunt, Malcolm A"]
[Black "Thomassen, Joachim"]
[Result "0-1"]
[WhiteElo "2076"]
[BlackElo "2404"]
[PlyCount "30"]
[EventDate "2011.??.??"]
[WhiteTeam "Warwickshire Select 1"]
[BlackTeam "Wood Green Hilsmark 2"]

1. d4 Nf6 2. Nf3 g6 3. Bf4 Bg7 4. h3 O-O 5. e3 d6 6. c4 c5 7. Nc3 Qa5 8. Qd2
Nc6 9. d5 e5 10. dxe6 Bxe6 11. Nb5 Nb4 12. Nc3 d5 13. cxd5 Nfxd5 14. Be5 Rfd8
15. Bxg7 Nxe3 0-1

[Event "4NCL"]
[Site "De Vere, Wokefield Park, ENG"]
[Date "2011.02.19"]
[Round "5.13"]
[White "Sowray, Peter J"]
[Black "Clarke, Brandon GI"]
[Result "0-1"]
[WhiteElo "2340"]
[BlackElo "2110"]
[PlyCount "138"]
[EventDate "2011.??.??"]
[WhiteTeam "Wood Green Hilsmark 2"]
[BlackTeam "Warwickshire Select 1"]

1. e4 c5 2. Nf3 d6 3. d4 cxd4 4. Nxd4 Nf6 5. Nc3 g6 6. Be3 Bg7 7. f3 Nc6 8. Qd2
O-O 9. Bc4 Bd7 10. O-O-O Rb8 11. Bb3 Ne5 12. Bh6 b5 13. Bxg7 Kxg7 14. f4 Nc4
15. Bxc4 bxc4 16. e5 dxe5 17. fxe5 Ng4 18. Rhe1 Qb6 19. b3 Rfc8 20. h3 cxb3 21.
axb3 Qa5 22. Nb1 Qxd2+ 23. Rxd2 Nh6 24. e6 Bxe6 25. Nxe6+ fxe6 26. Rxe6 Kf7 27.
Ra6 Rxb3 28. Rf2+ Ke8 29. Rxa7 Nf5 30. Nd2 Re3 31. Nf3 Nd6 32. Kb2 Ne4 33. Rf1
Re2 34. Nd4 Rd2 35. Ra4 Nc3 36. Ra3 Nd5 37. Rd3 Rcxc2+ 38. Nxc2 Rxd3 39. Rf2
Nc3 40. Kc1 Rd1+ 41. Kb2 Ne4 42. Re2 Ng3 43. Re3 Nf5 44. Re2 h5 45. Kb3 Ng3 46.
Re3 h4 47. Ne1 Ra1 48. Kc4 Ra2 49. Kd5 Nf5 50. Rc3 Kf7 51. Rb3 Re2 52. Nf3 e6+
53. Kc6 Rxg2 54. Rb4 g5 55. Ne5+ Kf6 56. Nd7+ Ke7 57. Rb7 Rc2+ 58. Nc5+ Kf6 59.
Rc7 Ne7+ 60. Kd7 Re2 61. Ra7 Ng6 62. Ra4 Nf4 63. Ne4+ Rxe4 64. Rxe4 Nxh3 65.
Rxe6+ Kf5 66. Rh6 Nf4 67. Ke7 g4 68. Kf7 h3 69. Ra6 g3 0-1

[Event "4NCL"]
[Site "De Vere, Wokefield Park, ENG"]
[Date "2011.02.19"]
[Round "5.13"]
[White "Weaving, Richard"]
[Black "Pein, Malcolm"]
[Result "1-0"]
[WhiteElo "2027"]
[BlackElo "2390"]
[PlyCount "71"]
[EventDate "2011.??.??"]
[WhiteTeam "Warwickshire Select 1"]
[BlackTeam "Wood Green Hilsmark 2"]

1. e4 d6 2. d4 g6 3. Nc3 Bg7 4. f4 c6 5. Nf3 Bg4 6. Be3 Qb6 7. Rb1 Bxf3 8. Qxf3
Bxd4 9. Na4 Qb4+ 10. c3 Qxa4 11. Bxd4 f6 12. Bd3 Nd7 13. O-O e5 14. fxe5 dxe5
15. Be3 O-O-O 16. b3 Qa5 17. b4 Qa4 18. Bc4 Ne7 19. Bb3 Qa6 20. a4 c5 21. bxc5
Nb8 22. Qh3+ Kc7 23. Qh4 Nd7 24. Rbd1 Qa5 25. Qf2 f5 26. Bg5 Rde8 27. Bf7 Ref8
28. Rxd7+ Kxd7 29. Qd2+ Kc8 30. Be6+ Kb8 31. Bxe7 Re8 32. Bd6+ Ka8 33. Bd5 Qxa4
34. Rb1 Rb8 35. Bxb8 Rxb8 36. Bxb7+ 1-0

[Event "4NCL"]
[Site "De Vere, Wokefield Park, ENG"]
[Date "2011.02.19"]
[Round "5.13"]
[White "Lindner, Daniel"]
[Black "Baruch, Andrew JD"]
[Result "1/2-1/2"]
[WhiteElo "2237"]
[BlackElo "2089"]
[PlyCount "118"]
[EventDate "2011.??.??"]
[WhiteTeam "Wood Green Hilsmark 2"]
[BlackTeam "Warwickshire Select 1"]

1. c4 g6 2. g3 Bg7 3. Bg2 e5 4. Nc3 Nc6 5. e4 d6 6. Nge2 h5 7. h4 Nh6 8. d3 Nd4
9. Nxd4 exd4 10. Ne2 Ng4 11. f3 Ne3 12. Bxe3 dxe3 13. Qc1 c6 14. Qxe3 Qa5+ 15.
Qd2 Qxd2+ 16. Kxd2 Bxb2 17. Rab1 Bg7 18. d4 O-O 19. f4 Re8 20. Bf3 Be6 21. d5
cxd5 22. cxd5 Bg4 23. Bxg4 hxg4 24. Kd3 Re7 25. Nd4 Rc8 26. Rhc1 Rce8 27. Re1
Rc8 28. Rbc1 Rec7 29. Rxc7 Rxc7 30. Nb5 Rc5 31. Rb1 f5 32. Nxd6 fxe4+ 33. Kxe4
b6 34. Rb3 Kf8 35. Nb5 Rc4+ 36. Ke3 Rc5 37. Ke4 Rc4+ 38. Ke3 Rc5 39. Nxa7 Rxd5
40. Nb5 Rd1 41. Ke4 Ra1 42. a3 Rd1 43. Rd3 Rb1 44. Nd4 b5 45. Nc2 Rc1 46. Ne3
Rc3 47. Rd8+ Kf7 48. Rd7+ Kg8 49. Rb7 Rxa3 50. Rxb5 Ra4+ 51. Kd3 Ra3+ 52. Ke4
Ra4+ 53. Kd5 Ra3 54. Rb8+ Kh7 55. Re8 Rd3+ 56. Kc4 Rc3+ 57. Kd5 Rd3+ 58. Kc4
Rc3+ 59. Kd5 Rd3+ 1/2-1/2

[Event "4NCL"]
[Site "De Vere, Wokefield Park, ENG"]
[Date "2011.02.19"]
[Round "5.13"]
[White "James, Ann-Marie"]
[Black "Hegarty, Sarah N"]
[Result "0-1"]
[WhiteElo "2048"]
[BlackElo "2096"]
[PlyCount "55"]
[EventDate "2011.??.??"]
[WhiteTeam "Warwickshire Select 1"]
[BlackTeam "Wood Green Hilsmark 2"]

1. e4 Nf6 2. Nc3 d5 3. e5 Ne4 4. Nxe4 dxe4 5. d4 exd3 6. Qxd3 Qxd3 7. Bxd3 Nc6
8. Bf4 Be6 9. Be4 Nb4 10. Bxb7 Rb8 11. Be4 Bd5 12. Bxd5 Nxc2+ 13. Ke2 Nxa1 14.
Bc6+ Kd8 15. Nf3 Rxb2+ 16. Bd2 Nc2 17. a3 e6 18. Rd1 Kc8 19. Bc3 Rb3 20. Bd7+
Kb7 21. Ba5 Rb2 22. Kf1 Bc5 23. Ba4 Nxa3 24. Nd2 Bb4 25. Nb3 Rxb3 26. Bxc7 Kxc7
27. Bxb3 Rd8 28. Rc1+ 0-1

[Event "4NCL"]
[Site "De Vere, Wokefield Park, ENG"]
[Date "2011.02.19"]
[Round "5.14"]
[White "Gormally, Daniel W"]
[Black "Mestel, A Jonathan"]
[Result "1-0"]
[WhiteElo "2484"]
[BlackElo "2484"]
[PlyCount "69"]
[EventDate "2011.??.??"]
[WhiteTeam "Cheddleton 1"]
[BlackTeam "The AD's"]

1. d4 d6 2. e4 Nf6 3. Nc3 g6 4. Nf3 c6 5. h3 b5 6. Bd3 Nbd7 7. e5 b4 8. Ne2
dxe5 9. dxe5 Nd5 10. e6 fxe6 11. h4 Nc5 12. h5 gxh5 13. Ng3 Nf6 14. Nxh5 Nxd3+
15. cxd3 Qa5 16. Nf4 Bg7 17. Qe2 Bd7 18. Ne5 Bc8 19. Nh5 Rg8 20. Nxf6+ Bxf6 21.
Qh5+ Rg6 22. Nxg6 Qxh5 23. Rxh5 hxg6 24. Ra5 Bb7 25. Be3 Bxb2 26. Rb1 Bc3+ 27.
Bd2 Bd4 28. Bxb4 c5 29. Bxc5 Bc3+ 30. Ke2 Bxa5 31. Rxb7 Rc8 32. d4 Rc7 33. Rxa7
Rxa7 34. Bxa7 Kd7 35. Kd3 1-0

[Event "4NCL"]
[Site "De Vere, Wokefield Park, ENG"]
[Date "2011.02.19"]
[Round "5.14"]
[White "Jirka, Jiri"]
[Black "Hawkins, Jonathan"]
[Result "1-0"]
[WhiteElo "2424"]
[BlackElo "2429"]
[PlyCount "95"]
[EventDate "2011.??.??"]
[WhiteTeam "The AD's"]
[BlackTeam "Cheddleton 1"]

1. d4 Nf6 2. c4 e6 3. g3 d5 4. Bg2 Bb4+ 5. Bd2 Be7 6. Nf3 O-O 7. O-O c6 8. Qc2
b6 9. Bf4 Nbd7 10. Rd1 Bb7 11. b3 Rc8 12. Nc3 c5 13. Nb5 dxc4 14. Nd6 Bxd6 15.
Bxd6 cxd4 16. Bxf8 Be4 17. Qd2 c3 18. Qxd4 Qxf8 19. Ne5 Nxe5 20. Bxe4 Nxe4 21.
Qxe5 c2 22. Rdc1 Nf6 23. a3 Qd8 24. Qe3 h5 25. Qd3 Qxd3 26. exd3 Rc3 27. b4 h4
28. Kg2 Ng4 29. Ra2 h3+ 30. Kf1 Rxd3 31. Ke2 Rb3 32. Raxc2 Rxa3 33. Rc8+ Kh7
34. R8c4 f5 35. R1c3 Ra1 36. Rc1 Ra4 37. R1c2 b5 38. Rd4 Kg6 39. f3 Nxh2 40.
Rcd2 Kf6 41. Kf2 g5 42. Rd6 Ke5 43. R6d3 g4 44. Re2+ Kf6 45. Rd6 Nxf3 46.
Rexe6+ Kf7 47. Rf6+ Ke7 48. Rfe6+ 1-0

[Event "4NCL"]
[Site "De Vere, Wokefield Park, ENG"]
[Date "2011.02.19"]
[Round "5.14"]
[White "Arkell, Keith C"]
[Black "Cernousek, Lukas"]
[Result "1/2-1/2"]
[WhiteElo "2412"]
[BlackElo "2410"]
[PlyCount "64"]
[EventDate "2011.??.??"]
[WhiteTeam "Cheddleton 1"]
[BlackTeam "The AD's"]

1. d4 Nf6 2. Nf3 g6 3. b4 Bg7 4. Bb2 d5 5. e3 O-O 6. c4 b6 7. b5 Bb7 8. Nbd2 a6
9. a4 Nbd7 10. Be2 dxc4 11. Bxc4 c5 12. bxc6 Bxc6 13. O-O b5 14. axb5 axb5 15.
Be2 Rxa1 16. Bxa1 Qa8 17. Qb3 Rb8 18. Bb2 Bd5 19. Qb4 Bf8 20. Ra1 Qb7 21. Qa5
e6 22. Qa7 Qc8 23. Rc1 Qd8 24. Qc7 Qxc7 25. Rxc7 Bb4 26. e4 Bc4 27. Bxc4 Ba5
28. Ra7 bxc4 29. Nxc4 Bb6 30. Nxb6 Rxb6 31. e5 Rxb2 32. h3 Rxf2 1/2-1/2

[Event "4NCL"]
[Site "De Vere, Wokefield Park, ENG"]
[Date "2011.02.19"]
[Round "5.14"]
[White "Richardson, John R"]
[Black "Bellin, Robert"]
[Result "0-1"]
[WhiteElo "2307"]
[BlackElo "2367"]
[PlyCount "92"]
[EventDate "2011.??.??"]
[WhiteTeam "The AD's"]
[BlackTeam "Cheddleton 1"]

1. d4 f5 2. g3 Nf6 3. Bg2 e6 4. Nf3 Be7 5. O-O O-O 6. b3 a5 7. c4 c6 8. c5 b6
9. cxb6 Qxb6 10. Ba3 Bb4 11. Bb2 Ne4 12. Ne5 Ba6 13. f3 Nf6 14. Nd2 d5 15. Rc1
Bd6 16. Kh1 a4 17. Bc3 Bb5 18. b4 Nbd7 19. a3 Qb8 20. f4 Qe8 21. Bf3 Kh8 22.
Rg1 Rg8 23. Nb1 Nb6 24. h3 Ne4 25. Qe1 g5 26. Bxe4 fxe4 27. fxg5 Bxe5 28. dxe5
Qh5 29. Kh2 Qxg5 30. Qf2 Nd7 31. Bd2 Qg7 32. Nc3 Rgf8 33. Bf4 Nxe5 34. Nxb5
cxb5 35. Qb6 Nc4 36. Qxe6 Qf7 37. Be5+ Kg8 38. Qg4+ Qg6 39. Qxg6+ hxg6 40. Bd4
Rf7 41. Rc3 Re8 42. Kg2 e3 43. Rf1 Rxf1 44. Kxf1 Re4 45. Rd3 Nxa3 46. Bxe3 Nc2
0-1

[Event "4NCL"]
[Site "De Vere, Wokefield Park, ENG"]
[Date "2011.02.19"]
[Round "5.14"]
[White "Eggleston, David J"]
[Black "Snape, Ian L"]
[Result "1/2-1/2"]
[WhiteElo "2303"]
[BlackElo "2228"]
[PlyCount "78"]
[EventDate "2011.??.??"]
[WhiteTeam "Cheddleton 1"]
[BlackTeam "The AD's"]

1. e4 c5 2. Nf3 Nc6 3. d4 cxd4 4. Nxd4 e5 5. Nb5 a6 6. Nd6+ Bxd6 7. Qxd6 Qf6 8.
Qd1 Qg6 9. Nc3 d5 10. Nxd5 Qxe4+ 11. Be3 Nd4 12. Nc7+ Ke7 13. Rc1 Bg4 14. Qd3
Qxd3 15. Bxd3 Rd8 16. f3 Bh5 17. Kf2 Nf6 18. Rhd1 Rd7 19. c3 Nxf3 20. Bc5+ Kd8
21. Bb6 Nh4 22. Nd5+ Kc8 23. Nxf6 gxf6 24. Be2 Bxe2 25. Kxe2 Nxg2 26. Kf3 Rg8
27. Bf2 Nf4 28. Bg3 Rgd8 29. Rxd7 Rxd7 30. Bxf4 exf4 31. Rc2 Rd1 32. Rf2 Kd7
33. Kxf4 Rd5 34. Re2 h5 35. Rc2 Ke6 36. Re2+ Re5 37. Rd2 Rf5+ 38. Kg3 Rg5+ 39.
Kf3 Rf5+ 1/2-1/2

[Event "4NCL"]
[Site "De Vere, Wokefield Park, ENG"]
[Date "2011.02.19"]
[Round "5.14"]
[White "Anderton, David W"]
[Black "Wallace, Paul A"]
[Result "1/2-1/2"]
[WhiteElo "2208"]
[BlackElo "2245"]
[PlyCount "83"]
[EventDate "2011.??.??"]
[WhiteTeam "The AD's"]
[BlackTeam "Cheddleton 1"]

1. d4 Nf6 2. c4 g6 3. g3 Bg7 4. Bg2 O-O 5. Nc3 d6 6. Nf3 Nc6 7. d5 Na5 8. b3 c5
9. Bb2 a6 10. Qc2 Bd7 11. O-O b5 12. Nd2 Rb8 13. Rab1 Qc7 14. Ba1 e5 15. dxe6
fxe6 16. cxb5 axb5 17. Nce4 Bc6 18. Nxf6+ Bxf6 19. Bxf6 Rxf6 20. Qc3 Rbf8 21.
b4 Bxg2 22. Kxg2 Qc6+ 23. f3 cxb4 24. Qxc6 Nxc6 25. Rfc1 Nd4 26. Rxb4 e5 27.
Ne4 R6f7 28. Nxd6 Ra7 29. Rb2 b4 30. Rc4 Ra6 31. Ne4 Rfa8 32. Rcxb4 Rxa2 33.
Kf2 Rxb2 34. Rxb2 Ra7 35. e3 Nc6 36. f4 exf4 37. gxf4 Ra3 38. h4 h6 39. Rb7 Kf8
40. Nf6 Ne7 41. Ng4 Nf5 42. Rb8+ 1/2-1/2

[Event "4NCL"]
[Site "De Vere, Wokefield Park, ENG"]
[Date "2011.02.19"]
[Round "5.14"]
[White "Steil-Antoni, Fiona"]
[Black "Swindells, Jonathan E"]
[Result "1-0"]
[WhiteElo "2118"]
[BlackElo "2170"]
[PlyCount "63"]
[EventDate "2011.??.??"]
[WhiteTeam "Cheddleton 1"]
[BlackTeam "The AD's"]

1. e4 e5 2. Bc4 Nc6 3. d3 Bc5 4. Nc3 Nf6 5. f4 d6 6. Nf3 Bg4 7. Na4 Bxf3 8.
Qxf3 Nd4 9. Qg3 Nh5 10. Qg4 Qd7 11. Qxd7+ Kxd7 12. Nxc5+ dxc5 13. fxe5 Nxc2+
14. Kd1 Nxa1 15. Bxf7 Nf6 16. exf6 gxf6 17. Be3 Rhf8 18. Bh5 Kc6 19. Kd2 Nb3+
20. axb3 b6 21. Rf1 Kb5 22. Bh6 Rfd8 23. Rxf6 Rd6 24. e5 Rd4 25. e6 Rh4 26. Bf3
Re8 27. h3 Rd4 28. Bh5 Rg8 29. g4 Rd6 30. Bf4 Rc6 31. g5 h6 32. e7 1-0

[Event "4NCL"]
[Site "De Vere, Wokefield Park, ENG"]
[Date "2011.02.19"]
[Round "5.14"]
[White "Bellin, Jana"]
[Black "McKenna, Jason P"]
[Result "0-1"]
[WhiteElo "2137"]
[BlackElo "2062"]
[PlyCount "64"]
[EventDate "2011.??.??"]
[WhiteTeam "The AD's"]
[BlackTeam "Cheddleton 1"]

1. d4 g6 2. Nf3 Bg7 3. c4 d6 4. Nc3 Nf6 5. Bg5 O-O 6. e3 Nbd7 7. Be2 c6 8. Qc2
Qc7 9. O-O e5 10. dxe5 dxe5 11. Nd2 Re8 12. Rad1 Nf8 13. b4 a5 14. a3 b6 15. b5
Bb7 16. Qb3 Ne6 17. Bxf6 Nc5 18. Qb1 Bxf6 19. bxc6 Bxc6 20. Nd5 Bxd5 21. cxd5
e4 22. Bb5 Be5 23. Bxe8 Bxh2+ 24. Kh1 Rxe8 25. Nc4 Nd3 26. Qb5 Rc8 27. Nxb6 Rb8
28. Rb1 Bd6 29. Qc6 Qe7 30. Kg1 Ne5 31. Nc8 Nf3+ 32. gxf3 Qg5+ 0-1

[Event "4NCL"]
[Site "De Vere, Wokefield Park, ENG"]
[Date "2011.02.19"]
[Round "5.15"]
[White "Zakarian, David"]
[Black "Pert, Nicholas"]
[Result "1/2-1/2"]
[WhiteElo "2362"]
[BlackElo "2570"]
[PlyCount "137"]
[EventDate "2011.??.??"]
[WhiteTeam "Oxford 1"]
[BlackTeam "Wood Green Hilsmark 1"]

1. e4 e6 2. Qe2 c5 3. g3 Nc6 4. Nf3 g6 5. Bg2 Bg7 6. O-O Nge7 7. c3 O-O 8. d3
e5 9. a3 d6 10. b4 h6 11. Bb2 f5 12. b5 Na5 13. Nbd2 f4 14. h3 g5 15. Nh2 c4
16. a4 Qc7 17. Ba3 Be6 18. Bb4 cxd3 19. Qxd3 Rad8 20. c4 fxg3 21. fxg3 Nxc4 22.
Rxf8+ Bxf8 23. Nhf1 a5 24. Bc3 Bg7 25. Nxc4 Bxc4 26. Qd2 d5 27. Bxa5 b6 28. Bb4
dxe4 29. Qc2 Nd5 30. Rc1 Nxb4 31. Qxc4+ Qxc4 32. Rxc4 Rd4 33. Ne3 Bf8 34. Bxe4
Rd2 35. Rc8 Kf7 36. Ng4 Bc5+ 37. Kf1 Rd4 38. Nxh6+ Ke6 39. Re8+ Kd7 40. Rxe5
Bd6 41. Bf5+ Kc7 42. Re4 Rd1+ 43. Ke2 Ra1 44. Nf7 Rxa4 45. Re8 Ra2+ 46. Kd1
Bxg3 47. Rc8+ Kb7 48. Nd8+ Ka7 49. Be4 Bb8 50. Rc4 Bf4 51. Rd4 Ra1+ 52. Ke2
Ra2+ 53. Kf3 Rd2 54. Ne6 Rxd4 55. Nxd4 Kb8 56. Ne6 Bc1 57. Kg4 Kc8 58. Nxg5 Kd7
59. Kf5 Ke7 60. h4 Na2 61. Nf3 Nc3 62. Bc6 Kd6 63. Ne5 Ne2 64. Nf3 Bb2 65. h5
Nd4+ 66. Nxd4 Bxd4 67. Kg6 Ke7 68. Kh7 Kf8 69. Kg6 1/2-1/2

[Event "4NCL"]
[Site "De Vere, Wokefield Park, ENG"]
[Date "2011.02.19"]
[Round "5.15"]
[White "Gordon, Stephen J"]
[Black "Savage, Ben DM"]
[Result "1-0"]
[WhiteElo "2528"]
[BlackElo "2289"]
[PlyCount "73"]
[EventDate "2011.??.??"]
[WhiteTeam "Wood Green Hilsmark 1"]
[BlackTeam "Oxford 1"]

1. d4 Nf6 2. c4 c5 3. d5 b5 4. cxb5 a6 5. bxa6 g6 6. Nc3 Bxa6 7. g3 d6 8. Bg2
Bg7 9. Nf3 Nbd7 10. Rb1 Nb6 11. b3 Bb7 12. Nh4 O-O 13. O-O Ne8 14. Bb2 Bxc3 15.
Bxc3 Rxa2 16. b4 c4 17. Qd4 f6 18. e4 Qc7 19. Ra1 Rxa1 20. Rxa1 Ng7 21. Nf3 e5
22. dxe6 Nxe6 23. Qe3 d5 24. Nd4 Ng7 25. Nb5 Qc6 26. Na7 Qe6 27. Bd4 Nd7 28.
exd5 Bxd5 29. Qxe6+ Bxe6 30. Ra6 Kf7 31. Nc6 Nf5 32. b5 Rc8 33. Bc3 Nd6 34. Nd4
Ke7 35. Bb4 Nc5 36. Ra7+ Bd7 37. Bc6 1-0

[Event "4NCL"]
[Site "De Vere, Wokefield Park, ENG"]
[Date "2011.02.19"]
[Round "5.15"]
[White "Rose, Matthew"]
[Black "Arakhamia-Grant, Ketevan E"]
[Result "0-1"]
[WhiteElo "2276"]
[BlackElo "2458"]
[PlyCount "80"]
[EventDate "2011.??.??"]
[WhiteTeam "Oxford 1"]
[BlackTeam "Wood Green Hilsmark 1"]

1. e4 c5 2. c3 g6 3. d4 cxd4 4. cxd4 d5 5. e5 Nc6 6. Nc3 Nh6 7. Bb5 Bg7 8. Nge2
O-O 9. Qb3 Nf5 10. Be3 Be6 11. Rd1 Na5 12. Qb4 Nxe3 13. fxe3 Bf5 14. Nf4 e6 15.
O-O Rc8 16. Be2 Re8 17. Rc1 Bf8 18. Qa4 Nc4 19. Bxc4 Rxc4 20. Qxa7 Qd7 21. e4
Rxc3 22. Rxc3 dxe4 23. Qb6 Rd8 24. h3 h5 25. Rd1 Bh6 26. Rc7 Qa4 27. b3 Qxa2
28. Rxb7 Rf8 29. Rf1 Qd2 30. Rb8 Bxf4 31. Rxf8+ Kxf8 32. Qd8+ Kg7 33. Qf6+ Kg8
34. Qd8+ Kh7 35. Qe7 Qxd4+ 36. Kh1 Bxe5 37. Qxf7+ Bg7 38. Qc7 e3 39. Qg3 e2 40.
Re1 Bd3 0-1

[Event "4NCL"]
[Site "De Vere, Wokefield Park, ENG"]
[Date "2011.02.19"]
[Round "5.15"]
[White "Tissir, Mohamed"]
[Black "Tsanas, Thanasis"]
[Result "0-1"]
[WhiteElo "2464"]
[BlackElo "2264"]
[PlyCount "72"]
[EventDate "2011.??.??"]
[WhiteTeam "Wood Green Hilsmark 1"]
[BlackTeam "Oxford 1"]

1. e4 c5 2. Nc3 Nc6 3. Bb5 Nd4 4. Bc4 e6 5. Nge2 Ne7 6. Nxd4 cxd4 7. Ne2 Nc6 8.
O-O a6 9. d3 Bc5 10. a3 O-O 11. Ng3 Kh8 12. Qh5 Be7 13. Bd2 b5 14. Bb3 Bb7 15.
Rae1 Rc8 16. c3 dxc3 17. Bxc3 b4 18. axb4 Bxb4 19. Ne2 Qb6 20. Bc2 Bc5 21. Ba4
Bb4 22. Rb1 a5 23. Nf4 Bxc3 24. bxc3 Qc7 25. Nh3 Kg8 26. Rfe1 Ba6 27. d4 f5 28.
d5 Ne5 29. dxe6 dxe6 30. exf5 Rxf5 31. Qh4 h6 32. Bc2 Bd3 33. Bxd3 Nxd3 34.
Rxe6 Qxc3 35. g4 Re5 36. Qg3 Rxe6 0-1